| 000 | 02083nam a2200337 c 4500 | ||
|---|---|---|---|
| 001 | 51704 | ||
| 003 | ES-MaCES | ||
| 005 | 20210204133139.0 | ||
| 008 | 210204s2020 us 000 | eng d | ||
| 020 | _a9780300249873 | ||
| 040 |
_aES-MaCES _bspa _cES-MaCES |
||
| 100 | 1 |
_aSkidelsky, Robert _924133 |
|
| 245 | 1 | 0 |
_aWhat´s wrong with economics? _b: a primer for the perplexed _cRobert Skidelsky |
| 260 |
_aNew Haven _aLondon _bYale University Press _c[2020] |
||
| 300 |
_aXVII, 223 p. _c23 cm |
||
| 500 | _aÍndices | ||
| 504 | _aBibliografía: p. 202-213 | ||
| 520 | 3 | _aUna crítica apasionada e informada de la economía dominante de uno de los principales pensadores económicos de nuestro tiempo. Este libro perspicaz analiza cómo la búsqueda de la certeza científica de la economía dominante ha llevado a una visión más estrecha y una convergencia en una ortodoxia que no es saludable, sin mencionar las sociedades que basan sus decisiones políticas en el consejo de modelos económicos defectuosos. El destacado pensador económico Robert Skidelsky explica las circunstancias que han provocado esta constricción y propone un enfoque de la economía que incluye filosofía, historia, sociología y política. La crítica clara y convincente de Skidelsky apunta a la forma en que se enseña la economía en las universidades de hoy, donde un enfoque en el modelado deja a los estudiantes mal equipados para lidiar con lo que es importante y verdadero sobre la vida humana. Aboga por un retorno al ideal establecido por John Maynard Keynes de que el economista debe ser un “matemático, historiador, estadista [y] filósofo” en igual medida. | |
| 541 | _cCompra | ||
| 650 | 4 |
_aeconomía _926781 |
|
| 650 | 4 |
_aeconomista _928467 |
|
| 650 | 4 |
_amodelo económico _927074 |
|
| 650 | 4 |
_acrecimiento económico _927094 |
|
| 650 | 4 |
_atécnica de predicción _928900 |
|
| 650 | 4 |
_aciencias económicas _927066 |
|
| 650 | 4 |
_afuturo _928901 |
|
| 653 | 1 | 0 | _aEconomía |
| 710 | 2 |
_aYale University _eed. _95485 |
|
| 902 | _aLIB Libro | ||
| 942 |
_2CES _cBK _h0.0. |
||
| 999 |
_c51704 _d51704 |
||